Svetoznáma značka Schmidt Bender

Bibliographic Details
Format: Article
Language:Slovak
ISSN:1336-5568
Subjects:

MARC

LEADER 00000nab a2200000 ar4500
001 vtls009006058
003 SK-MaSNL
005 20260303065724.0
008 070710c2007 xo |||||||||||000 b|slo
015 |a SNBRB2007/07  |2 snkbucl 
038 |a SNKBUCL 
040 |a SNKBUCL  |b slo  |c SNKBUCL  |e AACR2 
041 0 |a slo 
044 |a xo  |c SK 
080 |a 681.75  |2 1997 
080 |a 623.442.6  |2 1997 
080 |a 639.1  |2 1997 
245 0 0 |a Svetoznáma značka  |b Schmidt Bender 
500 |a Mená v podnázve oddelené krúžkom s bodkou uprostred 
610 2 7 |a Schmidt a Bender (Nemecko)  |2 snkbucl  |9 1066165 
650 0 7 |a pozorovacia optika  |2 snkbucl  |9 1066166 
650 0 7 |a strelecká optika  |2 snkbucl  |9 1066167 
650 0 7 |a optika  |2 snkbucl  |9 3747 
773 0 |t Naše poľovníctvo  |g Roč. IV, č. 6 (2007), s. 26-27  |x 1336-5568 
852 |a SNK  |b KIS3GCP 
999 |c 1752362  |d 1754292